000 01179nmc a2200409 a 4500
003 AR-BaBNM
005 20251128205251.0
008 057019s1991 ||||||||||||||000 | spa||
020 _a84-7731-093-9
040 _cAR-BaBNM
245 1 0 _aEspacios de poder
260 _aMadrid
_bLas ediciones de La Piqueta
_c1991
300 0 _a165 p.
490 0 _aGenealogía del poder
_vv. 6
500 0 _aContiene referencias bibliográficas en notas a pie de página
650 4 _aPODER POLITICO
650 4 _aCONTROL SOCIAL
650 4 _aTRABAJADORES AGRICOLAS
650 4 _aDIFERENCIACION SOCIAL
650 4 _aCONDICIONES DE VIDA
650 4 _aPODER ECONOMICO
650 4 _aESCOLARIDAD OBLIGATORIA
650 4 _aEDUCACION ESPECIAL
650 4 _aPSIQUIATRIA
653 0 _aENSENANZA AGRARIA
700 1 _aCastel, Robert
700 1 _aDonzelot, Jacques
700 1 _aFoucault, Michel
700 1 _aDe Gaudemar, Jean-Paul
700 1 _aGrignon, Claude
700 1 _aMuel, Francine
700 1 _aAlvárez-Uría, Fernando
_etraductor
800 1 _aVarela, Julia
_edirector
800 1 _aAlvárez-Uría, Fernando
_edirector
942 _cBK
998 _csilvi
999 _c10663
_d10663